Super Mario Bros. Mushroom Power-Ups - Statistics

General Stats
  • This quiz has been taken 203 times
    128 since last reset
  • The average score is 8 of 14
Answer Stats
Origin Game Power-Up % Correct
Super Mario Bros. Super Mushroom
83%
New Super Mario Bros. Mini Mushroom
82%
Super Mario Bros. 1-Up Mushroom
79%
New Super Mario Bros. Mega Mushroom
76%
Super Mario Bros. Lost Levels Poison Mushroom
75%
Super Mario Galaxy Bee Mushroom
70%
New Super Mario Bros. Wii Propeller Mushroom
67%
New Super Mario Bros. 2 Gold Mushroom
60%
Super Mario Galaxy Spring Mushroom
58%
Super Mario Galaxy Boo Mushroom
55%
Super Mario Galaxy 2 Rock Mushroom
55%
Super Mario Bros. Wonder Drill Mushroom
54%
Super Mario Galaxy Life Mushroom
20%
Captain Toad: Treasure Tracker Invincibility Mushroom
13%
No matching quizzes found
Score Distribution
Percent of People with Each Score
Percentile by Number Answered
Your Score History
You have not taken this quiz since the last reset